|
|
|
|
| LEADER |
01234nam a2200265 a 4500 |
| 001 |
GR-Patra33936 |
| 008 |
110606s2005 gr g 000 b|gre d |
| 020 |
|
|
|a 9789605170134
|
| 041 |
1 |
|
|a gre
|b eng
|
| 084 |
|
|
|a Μ
|
| 100 |
1 |
|
|a Christie, Agatha,
|d 1890-1976
|
| 245 |
1 |
4 |
|a Ένα σχέδιο δολοφονίας /
|c Αγκάθα Κρίστι ; Μετάφραση: Τζένη Μιστράκη.
|
| 260 |
|
|
|a Αθήνα :
|b Λυχνάρι,
|c 2005
|
| 300 |
|
|
|a 173 σ. ;
|c 19 εκ.
|
| 490 |
0 |
|
|a Βιβλιοθήκη αστυνομικής φιλολογίας ;
|v 2
|
| 500 |
|
|
|a Τίτλος πρωτοτύπου: Towards zero.
|
| 650 |
|
4 |
|a Αγγλικά μυθιστορήματα
|
| 650 |
|
4 |
|a Αστυνομικές ιστορίες και ιστορίες μυστηρίου
|
| 650 |
|
4 |
|a ΞΕΝΗ ΛΟΓΟΤΕΧΝΙΑ
|
| 650 |
|
4 |
|a Ξένη λογοτεχνία
|x Μυθιστόρημα
|
| 700 |
1 |
|
|a Μιστράκη, Τζένη
|e μεταφράστρια.
|
| 942 |
|
|
|2 ddc
|
| 952 |
|
|
|0 0
|1 0
|2 ddc
|4 0
|6 Μ_CHR
|7 0
|9 316193
|a LISK
|b LISK
|c BSC
|d 2021-01-17
|e 24
|f 2
|g 0.00
|l 1
|o Μ CHR
|p 92410051675
|r 2022-11-16 00:00:00
|s 2022-11-04
|t 1
|w 2021-01-17
|y BK15
|x 20130725 0 1
|x GrPaTEI
|
| 971 |
|
|
|a .b26815084
|b 15-04-20
|c 27-09-16
|
| 999 |
|
|
|c 180082
|d 180082
|